000 00643nam a2200205Ia 4500
003 GCL
008 140319s9999 xx 000 0 ara d
040 _aGCL /
_cGCL
082 0 4 _a962.031
_bع ت
100 1 _aعبدالرحمن الرافعى
245 1 0 _aتاريخ الحركه القومية وتطور نظام الحكم فى مصر /
_cعبدالرحمن الرافعى
260 _a[S.N] :
_bمكتبة النهضة ،
_c1948
300 _a356 ص
490 _a
650 0 4 _aمصر
650 0 4 _aتاريخ
650 0 4 _aالاحوال الاجتماعية
650 0 4 _aالاحوال السياسية
942 _2ddc
_cBK
999 _c58762
_d58762